000 00582nam a2200229Ia 4500
003 OSt
005 20221005123054.0
006 a|||||r|||| 00| 0
007 ta
008 221004b |||||||| |||| 00| 0 urd d
024 _a61810
037 _cTextual
040 _aCRL
_cCRL
_burd
041 _2urd
_aurd
082 _aO168,3N12,6, 32J3
100 _aMoonnu Ghundhakal
_9633090
245 0 _aKishan chander
260 _c1953
650 _aURDU LITERATURE
942 _hO168,3N12,6, 32J3
_cTEXL
_2cc
999 _c1046299
_d1046299